[Event "Warsaw Szansa Blitz op"]
[Site "Warsaw"]
[Date "2021.09.10"]
[Round "9"]
[White "Kaldus, Adam"]
[Black "Jakubowski, Krzysztof"]
[Result "0-1"]
[WhiteElo "2215"]
[BlackElo "2459"]
[PlyCount "92"]
[EventDate "2021.09.10"]
[EventType "swiss (blitz)"]
[EventRounds "11"]
[EventCountry "POL"]
[SourceTitle "CBM 204 Extra"]
[Source "ChessBase"]
[SourceDate "2021.11.30"]
[SourceVersion "1"]
[SourceVersionDate "2021.11.30"]
[SourceQuality "1"]

1. d4 Nf6 2. c4 e6 3. Nc3 Bb4 4. Nf3 b6 5. Bg5 Bb7 6. e3 h6 7. Bh4 g5 8. Bg3 Ne4 9. Qc2 Bxc3+ 10. bxc3 d6 11. Bd3 f5 12. d5 Nd7 13. dxe6 Ndc5 14. Nd4 Qf6 15. f3 Nxd3+ 16. Qxd3 Nc5 17. Qxf5 Qxf5 18. Nxf5 Nxe6 19. Nd4 Kd7 20. Kd2 Ba6 21. Nb5 Bxb5 22. cxb5 a6 23. Rhb1 Nc5 24. e4 axb5 25. Rxb5 Ra3 26. Bf2 Rha8 27. Bxc5 Rxa2+ 28. Rxa2 Rxa2+ 29. Kc1 dxc5 30. Rb2 Ra3 31. Rd2+ Ke6 32. Kb2 Ra8 33. Rd5 c6 34. Rd2 c4 35. g3 Rf8 36. Rf2 Ke5 37. Ka3 g4 38. f4+ Kxe4 39. Kb4 Kd3 40. f5 c5+ 41. Kb5 Rf6 42. Rf4 h5 43. Rxc4 Rxf5 44. Rf4 Rxf4 45. gxf4 Ke4 46. Kxb6 h4 0-1

[Event "Warsaw Szansa Blitz op"]
[Site "Warsaw"]
[Date "2021.09.10"]
[Round "4"]
[White "Kaldus, Adam"]
[Black "Kuzmicz, Krystian"]
[Result "0-1"]
[WhiteElo "2215"]
[BlackElo "2469"]
[PlyCount "111"]
[EventDate "2021.09.10"]
[EventType "swiss (blitz)"]
[EventRounds "11"]
[EventCountry "POL"]
[SourceTitle "CBM 204 Extra"]
[Source "ChessBase"]
[SourceDate "2021.11.30"]
[SourceVersion "1"]
[SourceVersionDate "2021.11.30"]
[SourceQuality "1"]

1. d4 g6 2. h4 h5 3. Nh3 Bg7 4. Ng5 d5 5. e3 c5 6. c3 Nc6 7. Be2 e5 8. dxe5 Nxe5 9. Nd2 Ne7 10. Ndf3 N5c6 11. 0-0 f6 12. Nh3 Bxh3 13. gxh3 Qc7 14. b4 cxb4 15. cxb4 Nxb4 16. Qa4+ Nbc6 17. Bb2 0-0 18. Rac1 Qd7 19. Kg2 Kh7 20. Rfd1 Rad8 21. Ba3 Rfe8 22. Nd4 Nxd4 23. Qxd7 Rxd7 24. Rxd4 Nc6 25. Bb5 Re6 26. Rcd1 a6 27. Bxc6 bxc6 28. Ra4 Ra7 29. Bc5 Ra8 30. Rb1 f5 31. Rb7 Kg8 32. Rb6 a5 33. Bb4 Bf6 34. Rxa5 Rxa5 35. Bxa5 Bxh4 36. Rb8+ Kf7 37. Rb7+ Re7 38. Rb6 Ra7 39. Bc3 c5 40. Rb2 Be7 41. Rd2 Ke6 42. Kf3 Ra4 43. Rb2 g5 44. Rb6+ Bd6 45. Bg7 g4+ 46. hxg4 fxg4+ 47. Kg2 Kd7 48. Rb7+ Kc6 49. Rf7 h4 50. Rf6 h3+ 51. Kf1 Kd7 52. Rg6 Rxa2 53. Rxg4 Rc2 54. Rh4 Rc1+ 55. Ke2 h2 56. f4 0-1

[Event "Warsaw Szansa Blitz op"]
[Site "Warsaw"]
[Date "2021.09.10"]
[Round "11"]
[White "Kaldus, Adam"]
[Black "Siekanska, Maria"]
[Result "1-0"]
[WhiteElo "2215"]
[BlackElo "1767"]
[PlyCount "49"]
[EventDate "2021.09.10"]
[EventType "swiss (blitz)"]
[EventRounds "11"]
[EventCountry "POL"]
[SourceTitle "CBM 204 Extra"]
[Source "ChessBase"]
[SourceDate "2021.11.30"]
[SourceVersion "1"]
[SourceVersionDate "2021.11.30"]
[SourceQuality "1"]

1. d4 d5 2. c4 e6 3. Nf3 c5 4. cxd5 exd5 5. Nc3 Nc6 6. g3 Nf6 7. Bg2 Be7 8. 0-0 0-0 9. Bg5 cxd4 10. Nxd4 h6 11. Bf4 Re8 12. Rc1 Bg4 13. h3 Be6 14. Nxe6 fxe6 15. Qb3 Qd7 16. Rfd1 Rad8 17. Ne4 Nxe4 18. Bxe4 Bd6 19. Bxd5 Na5 20. Qf3 Bxf4 21. Bxb7 Qxb7 22. Qxf4 Qxb2 23. Rxd8 Rxd8 24. Rc7 Qxe2 25. Qf7+ 1-0

[Event "EU-ch blitz"]
[Site "Warsaw"]
[Date "2013.12.13"]
[Round "2.1"]
[White "Kaldus, Adam"]
[Black "Malakhov, Vladimir"]
[Result "1/2-1/2"]
[WhiteElo "2215"]
[BlackElo "2716"]
[PlyCount "156"]
[EventDate "2013.12.13"]
[EventType "swiss (blitz)"]
[EventRounds "11"]
[EventCountry "POL"]
[SourceTitle "CBM 157 Extra"]
[Source "ChessBase"]
[SourceDate "2013.12.19"]
[SourceVersion "1"]
[SourceVersionDate "2013.12.19"]
[SourceQuality "1"]

1. d4 g6 2. Nf3 Bg7 3. Bf4 d6 4. e3 Nd7 5. Be2 b6 6. 0-0 Bb7 7. h3 e5 8. Bh2 Ne7 9. c3 0-0 10. Nbd2 a6 11. a4 e4 12. Ne1 Nf5 13. Qc2 Re8 14. b4 h5 15. Rc1 Nf6 16. c4 Qe7 17. c5 Nd5 18. Qb3 dxc5 19. bxc5 Rad8 20. Nc4 Qe6 21. Ne5 Bxe5 22. Bxe5 f6 23. Bh2 Kg7 24. Bc4 Qd7 25. Nc2 Kh6 26. Nb4 Nfe7 27. c6 Bxc6 28. Nxc6 Nxc6 29. Bxd5 Na5 30. Qb1 Qxd5 31. Bxc7 Rd7 32. Qxb6 Nc4 33. Bf4+ Kg7 34. Qxa6 Nb2 35. Rc6 Rf7 36. Qb5 Qxb5 37. axb5 Nd3 38. Bg3 g5 39. b6 h4 40. Bh2 Nb4 41. Rc7 Rxc7 42. bxc7 Nd5 43. Rc1 Rc8 44. Rc5 Nb6 45. d5 Kf7 46. d6 Nd7 47. Rc4 f5 48. Ra4 Ke6 49. f3 exf3 50. gxf3 Nc5 51. Ra5 Nd7 52. e4 f4 53. Rxg5 Kxd6 54. Bxf4+ Ke6 55. Rh5 Nf6 56. Rxh4 Rg8+ 57. Kf2 Kf7 58. Be5 Nd7 59. Bg3 Nb6 60. Rh7+ Kg6 61. Re7 Kf6 62. Rh7 Kg6 63. Rh4 Kf7 64. Rg4 Rh8 65. h4 Nc8 66. Rf4+ Ke6 67. Ke3 Ne7 68. Rg4 Kf7 69. Kd4 Rh5 70. Rg5 Rh8 71. Kc5 Ra8 72. Kb6 Ra3 73. Rc5 Rxf3 74. Be5 Rb3+ 75. Rb5 Re3 76. Kb7 Rxe4 77. c8Q Nxc8 78. Kxc8 Rxh4 1/2-1/2

[Event "POL-chT 50th"]
[Site "Lubniewice"]
[Date "1994.??.??"]
[Round "3"]
[White "Kolendo, Filip"]
[Black "Kaldus, Adam"]
[Result "0-1"]
[WhiteElo "2130"]
[BlackElo "2205"]
[PlyCount "64"]
[EventDate "1994.09.22"]
[EventType "team-tourn"]
[EventRounds "11"]
[EventCountry "POL"]
[SourceTitle "EXT 2019"]
[Source "ChessBase"]
[SourceDate "2018.10.10"]
[SourceVersion "1"]
[SourceVersionDate "2018.10.10"]
[SourceQuality "1"]
[WhiteTeam "Poznan Pocztowiec"]
[BlackTeam "Glogow MOK Chrobry"]
[WhiteTeamCountry "POL"]
[BlackTeamCountry "POL"]

1. d4 Nf6 2. c4 c5 3. d5 e6 4. Nc3 exd5 5. cxd5 d6 6. e4 g6 7. Nf3 Bg7 8. Be2 0-0 9. 0-0 Re8 10. Nd2 Na6 11. f4 Nc7 12. a4 Rb8 13. Bf3 a6 14. a5 Nb5 15. Re1 Nxc3 16. bxc3 Nd7 17. Qc2 b5 18. axb6 Nxb6 19. Bb2 c4 20. Ba3 Qf6 21. Nxc4 Nxc4 22. Qa4 Bg4 23. e5 dxe5 24. Bxg4 Nxa3 25. Qxa3 Qxf4 26. Bd7 Red8 27. Bc6 e4 28. Rad1 Be5 29. h3 Qh2+ 30. Kf1 Rd6 31. Rxe4 Rf6+ 32. Ke2 Qxg2+ 0-1